| 000 | 00497 a2200193 4500 | ||
|---|---|---|---|
| 001 | 139157 | ||
| 003 | OSt | ||
| 005 | 20211011102537.0 | ||
| 008 | |||
| 020 | _a9788170462590 | ||
| 082 |
_a809 _bS49D |
||
| 100 | 1 | _aSpivak, Gayatri Chakravorty | |
| 245 | 1 |
_aDeath of a discipline _cby Gayatri Chakravorty Spivak |
|
| 260 |
_aNew Delhi _bSeagull Books _c2004 |
||
| 300 | _a128p. | ||
| 630 | _aEnglish | ||
| 630 | _aComparative literature | ||
| 942 |
_2ddc _cBK |
||
| 999 |
_c11887 _d11887 |
||